جد يد شعر ا ء پنجا ب (تحقيقی و تنقيد ی مضا مين) (Record no. 169656)

MARC details
000 -LEADER
fixed length control field 00824nam a22001937a 4500
005 - DATE AND TIME OF LATEST TRANSACTION
control field 20191128112129.0
010 ## - LCCN (DPL NO)
LC control number UR-10634
020 ## - INTERNATIONAL STANDARD BOOK NUMBER
Terms of availability 350.00
International Standard Book Number 9788193931028
035 ## - SYSTEM CONTROL NUMBER
System control number U-9189
037 ## - SOURCE OF ACQUISITION
Source of stock number/acquisition DBAD/PUB
Stock number -
082 ## - DEWEY DECIMAL CLASSIFICATION NUMBER
Classification number 844.08
100 ## - MAIN ENTRY--PERSONAL NAME
Personal name تر تيبب و تد و ين: نو ر ين ا شر ف ،نسر ين
245 ## - TITLE STATEMENT
Title جد يد شعر ا ء پنجا ب (تحقيقی و تنقيد ی مضا مين)
Statement of responsibility, etc تر تيبب و تد و ين: نو ر ين ا شر ف ،نسر ين
246 ## - VARYING FORM OF TITLE
Remainder of title Jadeed Shora-e-Punjab(Tehqiqi -W-Tanqeedi Mazameen) (Urdu)
Title proper/short title Ed.by Naurin Ashraf
260 ## - PUBLICATION, DISTRIBUTION, ETC. (IMPRINT)
Place of publication, distribution, etc Delhi
Name of publisher, distributor, etc Educational Publishing House
Date of publication, distribution, etc 2019 ء
270 ## - ADDRESS
Address 3191,Vakil Street, Kucha Pandit,Lal Kuan,
City Delhi
Postal code 110006
Telephone number 01123216162
Fax number -
300 ## - PHYSICAL DESCRIPTION
Extent 320 ص
Dimensions 22 Cm(Hb)
942 ## - ADDED ENTRY ELEMENTS (KOHA)
Source of classification or shelving scheme Dewey Decimal Classification
Item type Urdu Bks
Classification part 844.08
Call number suffix ج د ی
Holdings
Withdrawn status Lost status Not for loan Collection code Home library Current library Date acquired Source of acquisition Cost, normal purchase price Full call number Barcode Copy number Cost, replacement price Koha item type
    Not For Loan Non-fiction D.B.Act.Division D.B.Act.Division 28/11/2019 DBAD/PUB 350.00 844.08 ج د ی U-9189 1 350.00 Urdu Bks

© Delhi Public Library
Hit Counter
free hit counter